Statistics for Countries without Colonization

Click here to take the quiz!

General Stats

  • This quiz has been taken 143 times
    (75 since last reset)
  • The average score is 6 of 11

Answer Stats

Country% Correct
Japan
83%
United Kingdom
78%
China
77%
Thailand
68%
Nepal
51%
Bhutan
49%
Iran
49%
Saudi Arabia
49%
Italy
45%
Switzerland
34%
Taiwan
34%

Score Distribution

Percentile by Number Answered

Percent of People with Each Score

Your Score History

You have not taken this quiz since the last reset